logo

Bir Sreshtho Munshi Abdur Rouf Library
Jhenaidah Cadet College

পাশ্চাত্য দর্শনের ইতিহাস : (Record no. 11089)

MARC details
000 -LEADER
fixed length control field 00998nam a2200241 a 4500
001 - CONTROL NUMBER
JCCL Control Number 11089
003 - CONTROL NUMBER IDENTIFIER
JCCL marc code BD-JhCC
005 - DATE AND TIME OF LATEST TRANSACTION
control field 20210927134021.0
008 - FIXED-LENGTH DATA ELEMENTS--GENERAL INFORMATION
fixed length control field 190628s19982016bg |||| |||| 000 0 ben d
020 ## - INTERNATIONAL STANDARD BOOK NUMBER
International Standard Book Number 9844151937
035 ## - SYSTEM CONTROL NUMBER
system control number (BD-JhCC)11089
040 ## - CATALOGING SOURCE
Original cataloging agency BD-JhCC
Modifying agency BD-JhCC
041 ## - LANGUAGE CODE
Language code of Book ben
082 ## - DEWEY DECIMAL CLASSIFICATION NUMBER
Classification number 190.9
Author mark and Year RAS 2016
100 ## - MAIN ENTRY--PERSONAL NAME
Personal name রাসেল, বার্ট্রান্ড
245 ## - TITLE STATEMENT
Title পাশ্চাত্য দর্শনের ইতিহাস :
Remainder of title প্রাচীন ও ক্যাথলিক দর্শণ /
Statement of responsibility, etc বার্ট্রান্ড রাসেল, অনুবাদক ডক্টর প্রদীপ রায়
260 ## - PUBLICATION, DISTRIBUTION, ETC. (IMPRINT)
Place of publication, distribution, etc ঢাকা :
Name of publisher, distributor, etc অবসর,
Date of publication, distribution, etc ২০১৬.
300 ## - PHYSICAL DESCRIPTION
Pagination ২৩৯ পৃ. :
Dimensions ২২ সেমি.
504 ## - BIBLIOGRAPHY, ETC. NOTE
Bibliography, etc নির্দেশিকা অর্ন্তভূক্ত।
650 ## - SUBJECT ADDED ENTRY--TOPICAL TERM
Topical term or geographic name as entry element Philosophy
General subdivision History
700 ## - ADDED ENTRY--PERSONAL NAME
Personal name রায়, ডক্টর প্রদীপ
942 ## - ADDED ENTRY ELEMENTS (KOHA)
Source of classification or shelving scheme Dewey Decimal Classification
Koha item type Books
Koha issues (borrowed), all copies 2
Holdings
Source of classification or shelving scheme volume number Damaged status Not for loan Home library Current library Shelving location Date of accession Cost, normal purchase price Total Checkouts Full call number Barcode Date last seen Date checked out Copy number Koha item type
Dewey Decimal Classification V-1     JCC Rouf Library JCC Rouf Library General Stacks 06/28/2019 275.00 1 190.9 RAS 2016 15177 07/02/2022 09/26/2021 C-1 Books

JCC Library | Contacts | JCC Home

Last Update on 23 September 2017
Copyright @ 2017-2020 JCC Rouf Library
Rouf Library, Jhenidah Cadet College (JCC), Bangladesh